000 00663nam a2200253Ia 4500
003 OSt
005 20221006160839.0
006 a|||||r|||| 00| 0
007 ta
008 221006b |||||||| |||| 00| 0 eng d
020 _a9788955182613
_cW 15,800
024 _a46,586
037 _cTextual
040 _aEASL
_cEASL
_beng
041 _2eng
_aeng
082 _aP495,3, Q5
100 _aPARK Hangul
_9675234
245 0 _aKorean speaking
_b Discussion Advanced -4
260 _aSeoul
_bHangul Park Korean
_c2015
300 _a139p.
_ccm.
490 _v KEL
942 _hP495,3, Q5
_cTEXL
_2CC
999 _c1114676
_d1114676